[Event "AUTO-OPEN-1208"]
[Site "http://www.queenalice.com/game.php?id=438966"]
[Date "2008.7.25"]
[Round "1"]
[White "Dyggo"]
[Black "tury01"]
[Result "1-0"]
[WhiteElo "1891"]
[BlackElo "1721"]

1. e4 e5 2. Nf3 Nc6 3. Bb5 a6 4. Ba4 Nf6 5. O-O b5 6. Bb3 d6 7. h3 Na5 8. c3
Nxb3 9. Qxb3 Be6 10. Qc2 Be7 11. d4 exd4 12. cxd4 O-O 13. b3 Qc8 14. Bb2 d5 15.
e5 Nh5 16. Bc1 g6 17. Bh6 Re8 18. Rc1 Ra7 19. Nbd2 Ng7 20. a3 Qb7 21. b4 Qb6 22.
Nb3 Bf8 23. Nh2 Nf5 24. Bxf8 Rxf8 25. Qd2 h5 26. g4 Ng7 27. Rc3 c6 28. Rac1 Rc7
29. Qh6 Qb7 30. Rg3 Qc8 31. Nf3 Re8 32. Ng5 Kf8 33. Nh7+ 1-0

[Event "AUTO-OPEN-1208"]
[Site "http://www.queenalice.com/game.php?id=438967"]
[Date "2008.7.25"]
[Round "1"]
[White "tury01"]
[Black "Dyggo"]
[Result "0-1"]
[WhiteElo "1712"]
[BlackElo "1900"]

1. e4 c5 2. Nf3 Nc6 3. d4 cxd4 4. Nxd4 Nf6 5. Nc3 d6 6. Bb5 Bd7 7. O-O g6 8.
Nxc6 Bxc6 9. Bxc6+ bxc6 10. Re1 Bg7 11. Be3 O-O 12. Bg5 Qa5 13. Bd2 Rab8 14. Rb1
Qc7 15. Bg5 Rb7 16. b3 Nd7 17. Ne2 Nc5 18. f3 Qa5 19. a4 Nxe4 20. fxe4 Qxg5 21.
Qd3 Rb4 22. c3 Rb7 23. Nd4 Qc5 24. b4 Qb6 25. a5 Qc7 26. Qf3 c5 27. Ne2 Rfb8 28.
Rec1 Qd7 29. Qd3 cxb4 30. cxb4 Rxb4 31. Rxb4 Rxb4 32. Rb1 Rxb1+ 33. Qxb1 Qc7 0-1

[Event "AUTO-OPEN-1208"]
[Site "http://www.queenalice.com/game.php?id=438992"]
[Date "2008.7.25"]
[Round "1"]
[White "Sankara"]
[Black "tury01"]
[Result "0-1"]
[WhiteElo "1332"]
[BlackElo "1589"]

1. e4 e5 2. Nf3 Nc6 3. c3 Nf6 4. Qc2 Bc5 5. d4 exd4 6. cxd4 Bxd4 7. Bf4 O-O 8.
Ng5 d6 9. Qb3 Ng4 10. Nh3 Qf6 11. Nc3 Nxf2 12. Nxf2 Bxf2+ 0-1

[Event "AUTO-OPEN-1208"]
[Site "http://www.queenalice.com/game.php?id=438993"]
[Date "2008.7.25"]
[Round "1"]
[White "tury01"]
[Black "Sankara"]
[Result "1-0"]
[WhiteElo "1736"]
[BlackElo "1330"]

1. e4 e5 2. Nf3 Nc6 3. Bc4 Nh6 4. d4 d6 5. Bxh6 gxh6 6. dxe5 Qe7 7. Nc3 dxe5 8.
Nd5 Qd7 9. Nf6+ Kd8 10. Nxd7 Bxd7 11. Bxf7 Bc5 12. Be6 Nb8 13. Nxe5 Re8 14. Nxd7
Rxe6 15. Nxc5+ Ke7 16. Nxe6 Kxe6 17. Qd8 h5 18. Qc8+ Nd7 19. Qxa8 Nc5 20. O-O-O
Nxe4 21. Rhe1 Kf5 22. Qf8+ Nf6 23. Qf7 1-0

[Event "AUTO-INT-981"]
[Site "http://www.queenalice.com/game.php?id=439262"]
[Date "2008.7.26"]
[Round "1"]
[White "tury01"]
[Black "J_Ricardo"]
[Result "1-0"]
[WhiteElo "1717"]
[BlackElo "1617"]

1. e4 e5 2. Nf3 d6 3. d4 exd4 4. Nxd4 Nf6 5. Nc3 g6 6. Bg5 Bg7 7. Qf3 Nbd7 8.
O-O-O Ne5 9. Qf4 a6 10. Bc4 b5 11. Bxf6 Bxf6 12. Bd5 Rb8 13. Kb1 b4 14. Nc6 Nxc6
15. Bxc6+ Bd7 16. Bxd7+ Qxd7 17. Qxf6 O-O 18. Nd5 Rbe8 19. Qd4 Re6 20. Nf6+ Rxf6
21. Qxf6 a5 22. e5 a4 23. Rhe1 dxe5 24. Rxd7 c5 25. Rxe5 c4 26. Re8 h6 27. Rxf8+
Kxf8 28. Qxf7# 1-0

[Event "AUTO-INT-981"]
[Site "http://www.queenalice.com/game.php?id=439263"]
[Date "2008.7.26"]
[Round "1"]
[White "J_Ricardo"]
[Black "tury01"]
[Result "1-0"]
[WhiteElo "1520"]
[BlackElo "1704"]

1. e4 e5 2. Nf3 Nc6 3. Bc4 Be7 4. O-O Nf6 5. Nc3 d6 6. d3 Na5 7. b3 Nxc4 8. bxc4
O-O 9. Qe2 Bg4 10. h3 Bh5 11. Rb1 b6 12. Bg5 c6 13. Nd1 Bxf3 14. Qxf3 Qc7 15.
Qg3 Nh5 16. Qg4 Bxg5 17. Qxh5 Bf6 18. Ne3 g6 19. Qg4 h5 20. Qf3 Bg5 21. Rbe1 a5
22. a3 Bxe3 23. Rxe3 b5 24. cxb5 cxb5 25. Qg3 Qxc2 26. Qh4 b4 27. axb4 axb4 28.
Rfe1 b3 29. Qf6 b2 30. Qe7 b1=Q 31. Rxb1 Qxb1+ 32. Kh2 Qb6 33. Qf6 Qd8 34. Qf3
f5 35. exf5 Rxf5 36. Qg3 Qg5 37. Qxg5 Rxg5 38. f3 1-0

[Event "AUTO-INT-981"]
[Site "http://www.queenalice.com/game.php?id=439264"]
[Date "2008.7.26"]
[Round "1"]
[White "tury01"]
[Black "italomachado"]
[Result "1-0"]
[WhiteElo "1736"]
[BlackElo "1422"]

1. e4 e5 2. Nf3 Nf6 3. Bc4 Nxe4 4. Qe2 d5 5. Bb3 Be7 6. O-O O-O 7. Nxe5 Bd6 8.
d4 f6 9. Bxd5+ Kh8 10. Nf7+ Rxf7 11. Bxf7 Qe7 12. Qh5 Be6 13. Bg6 Bg8 14. Re1 f5
15. Bxf5 Nf6 16. Rxe7 Nxh5 17. Re8 Nf6 18. Rc8 g6 19. Be6 Kg7 20. Bxg8 Nxg8 21.
Bg5 h6 22. Bd8 a5 23. Nd2 g5 24. Ne4 Bf4 25. g3 Bd6 26. Nxd6 cxd6 27. Bc7 Ne7
28. Rxb8 Ra6 29. Rxb7 d5 30. Re1 Nf5 31. Bxa5+ Kg6 32. Rb6+ Rxb6 33. Bxb6 h5 34.
Re5 h4 35. Rxf5 Kxf5 36. gxh4 gxh4 37. a4 Kf4 38. a5 Kf5 39. a6 Ke4 40. a7 h3
41. a8=Q Kf4 42. Qxd5 Kg4 43. f3+ Kf4 44. Qe4+ Kg5 45. Bd8+ Kh5 46. Qg4+ Kh6 47.
Bf6 Kh7 48. Qg7# 1-0

[Event "AUTO-INT-981"]
[Site "http://www.queenalice.com/game.php?id=439265"]
[Date "2008.7.26"]
[Round "1"]
[White "italomachado"]
[Black "tury01"]
[Result "0-1"]
[WhiteElo "1428"]
[BlackElo "1640"]

1. e4 e5 2. Nf3 Nc6 3. Ng5 Qxg5 4. d4 Qh4 5. dxe5 Qxe4+ 6. Be2 Nd4 7. f3 Qxc2 8.
O-O Nxe2+ 9. Kf2 Qxc1 10. Qxe2 Qc5+ 11. Kg3 Nh6 12. Qe4 Be7 13. Nd2 g6 14. Rfc1
Nf5+ 15. Kf4 Qf2 16. Nc4 g5+ 17. Kxf5 d5+ 18. e6 dxe4 19. Rf1 Qd4 20. Nd6+ cxd6
21. Kg4 Bxe6+ 22. Kh5 f5 23. Rad1 Bf7+ 24. Kh6 Qf6# 0-1

[Event "AUTO-INT-981"]
[Site "http://www.queenalice.com/game.php?id=439266"]
[Date "2008.7.26"]
[Round "1"]
[White "tury01"]
[Black "ozimandias"]
[Result "1-0"]
[WhiteElo "1735"]
[BlackElo "1397"]

1. e4 e5 2. Nf3 Nc6 3. Bc4 Bc5 4. O-O d6 5. c3 Qf6 6. d3 Bg4 7. Nbd2 Nge7 8. h3
Bh5 9. g4 Bg6 10. Nb3 O-O 11. Bg5 Qf4 12. Bxf4 exf4 13. d4 Bb6 14. Re1 Na5 15.
Nxa5 Bxa5 16. Qd2 c5 17. Qxf4 cxd4 18. Nxd4 Rac8 19. Qxd6 Rce8 20. Qa3 Bb6 21.
Bb5 Rd8 22. Qxe7 Bxd4 23. cxd4 a6 24. Bc4 b5 25. Bd5 Bxe4 26. Bxe4 Rxd4 27.
Bxh7+ Kxh7 28. Qxf8 Rd2 29. Qxf7 Rxb2 30. Qh5+ Kg8 31. Re8# 1-0

[Event "AUTO-INT-981"]
[Site "http://www.queenalice.com/game.php?id=439267"]
[Date "2008.7.26"]
[Round "1"]
[White "ozimandias"]
[Black "tury01"]
[Result "0-1"]
[WhiteElo "1496"]
[BlackElo "1682"]

1. e4 e5 2. Nf3 Nc6 3. Bb5 a6 4. Ba4 Nf6 5. O-O b5 6. Bb3 d6 7. d3 Na5 8. d4
Nxb3 9. cxb3 exd4 10. Qxd4 Bb7 11. Bg5 Be7 12. e5 dxe5 13. Qxe5 O-O 14. Nc3 Re8
15. Rad1 Qc8 16. a4 Bxf3 17. gxf3 Bd6 18. Qd4 Qh3 19. Bxf6 Qxh2# 0-1

[Event "Challenge"]
[Site "http://www.queenalice.com/game.php?id=440700"]
[Date "2008.7.29"]
[Round "-"]
[White "jeancarlo1910"]
[Black "tury01"]
[Result "1-0"]
[WhiteElo "1834"]
[BlackElo "1665"]

1. e4 e5 2. Nf3 Nc6 3. Nc3 Nf6 4. Bc4 Bc5 5. Nd5 d6 6. d3 Nxd5 7. Bxd5 Nd4 8.
Nxd4 Bxd4 9. O-O O-O 10. c3 Bb6 11. Be3 c6 12. Bxb6 axb6 13. Bb3 Qg5 14. Qe2 Kh8
15. Bd1 f5 16. f3 f4 17. b4 Be6 18. c4 Ra3 19. Bb3 Rfa8 20. Qf2 b5 21. Qb6 bxc4
22. dxc4 Qe7 23. Qf2 b5 24. Rfc1 Qf7 25. c5 Bxb3 26. Rc3 1-0